| 000 | 01232am a2200397a 44500 | ||
|---|---|---|---|
| 003 | AR-BaBNM | ||
| 005 | 20251128211204.0 | ||
| 008 | 103020s2003 #AR|||||||||||000 | spa|| | ||
| 020 | _a987-545-089-08 | ||
| 040 | _cAR-BaBNM | ||
| 100 | 1 | _aRoncagliolo, Rafael | |
| 245 | 1 | 0 |
_aProblemas de la integración cultural _bAmérica Latina |
| 260 |
_aBuenos Aires _bGrupo Editorial Norma _c2003 |
||
| 300 |
_a141 p. _btablas |
||
| 490 | 0 |
_aEnciclopedia Latinoamericana de Sociocultura y Comunicación _vv. 22 |
|
| 504 | _aContiene referencias bibliográficas en p.131 | ||
| 650 | 4 | _aRELACIONES CULTURALES | |
| 650 | 4 | _aSOCIOLOGIA CULTURAL | |
| 650 | 4 | _aRELACIONES INTERPERSONALES | |
| 650 | 4 | _aSOCIEDADES | |
| 650 | 4 | _aCODIGOS DE REFERENCIA | |
| 650 | 4 | _aIDENTIDAD CULTURAL | |
| 650 | 4 | _aIDENTIFICACION COMUNITARIA | |
| 650 | 4 | _aANALISIS LINGUISTICO | |
| 650 | 4 | _aCOMUNICACION NO VERBAL | |
| 650 | 4 | _aANALISIS SEMANTICO | |
| 650 | 4 | _aPSICOLOGIA DEL COMPORTAMIENTO | |
| 650 | 4 | _aPOLITICA DE LA COMUNICACION | |
| 650 | 4 | _aMARGINALIDAD SOCIAL | |
| 650 | 4 | _aDIFERENCIACION CULTURAL | |
| 650 | 4 | _aDIFERENCIACION SOCIAL | |
| 650 | 4 | _aLIBERALISMO | |
| 800 | 1 | _aFord, Aníbal | |
| 942 | _cBK | ||
| 998 | _cEugenia | ||
| 999 |
_c18635 _d18635 |
||